00886nam a2200229 a 450000100100000000500170001000800410002704000250006808200250009310000300011824500470014825000110019526000360020630000210024259000280026365000280029165000310031991000390035095201230038995201290051299900150064100001013120240412074215.0091005s2005 dr 000 p spa d aDO-SdBNPbspacBNPHU aRD861.5bR457d, 20051 aReyes Bryan, Edgar92511910aDesignios de mi alma /cEdgar Reyes Bryan. a2a ed. aSanto Domingo :bBúho,c2005. a116 p. ;c23 cm. aInventariado, 2019 / DG 0aPoesía dominicana966 0aLiteratura dominicana.967 aValidado. Control de calidad BNPHU 0010718PDaPDbPDcHDd2009-10-08iLF1l0oRD861.5 R457d, 2005p10131-10r2020-06-25w2020-06-25yLFPDZNo se presta 0010718PDaPDbPDcHDd2009-10-08iLF1l0oRD861.5 R457d, 2005p10131-20r2020-06-25te. 2w2020-06-25yLFPDZNo se presta c9890d9890